Fish and seafood: identification, fabrication, utilization / (Record no. 1401)

MARC details
000 -LEADER
fixed length control field 00673nam a2200229 4500
003 - CONTROL NUMBER IDENTIFIER
control field OSt
005 - DATE AND TIME OF LATEST TRANSACTION
control field 20240626064500.0
008 - FIXED-LENGTH DATA ELEMENTS--GENERAL INFORMATION
fixed length control field 240626b |||||||| |||| 00| 0 eng d
020 ## - INTERNATIONAL STANDARD BOOK NUMBER
International Standard Book Number 9789814296618
040 ## - CATALOGING SOURCE
Original cataloging agency DWCL-HMN lib.
Transcribing agency OC
082 ## - DEWEY DECIMAL CLASSIFICATION NUMBER
Classification number Circ. 641.692 A295f 2010
006 - FIXED-LENGTH DATA ELEMENTS--ADDITIONAL MATERIAL CHARACTERISTICS
fixed length control field a
100 ## - MAIN ENTRY--PERSONAL NAME
Personal name Ainsworth, Mark
245 ## - TITLE STATEMENT
Title Fish and seafood: identification, fabrication, utilization /
260 ## - PUBLICATION, DISTRIBUTION, ETC.
Place of publication, distribution, etc. Singapore :
Name of publisher, distributor, etc. Cengage Learning Asia Pte Ltd,
Date of publication, distribution, etc. c2010.
300 ## - PHYSICAL DESCRIPTION
Other physical details 357 p. : ill. ;
Dimensions 23 cm.
490 ## - SERIES STATEMENT
Materials specified The Kitchen Pro Series
504 ## - BIBLIOGRAPHY, ETC. NOTE
Bibliography, etc. note Includes index.<br/>
650 ## - SUBJECT ADDED ENTRY--TOPICAL TERM
Topical term or geographic name entry element 1. Cooking-Seafood.
650 ## - SUBJECT ADDED ENTRY--TOPICAL TERM
Topical term or geographic name entry element 2. Cooking-Fish.
942 ## - ADDED ENTRY ELEMENTS (KOHA)
Source of classification or shelving scheme Dewey Decimal Classification
Suppress in OPAC No
Koha item type Book Circulation
Call number prefix Circ.
Holdings
Withdrawn status Lost status Source of classification or shelving scheme Damaged status Not for loan Home library Current library Date acquired Source of acquisition Total Checkouts Full call number Barcode Date last seen Copy number Price effective from Koha item type Uniform Resource Identifier
    Dewey Decimal Classification     HM & Nursing Library HM & Nursing Library 01/26/2012 School Fund   Circ. 641.692 A295f 2010 49129 06/26/2024 c1 06/26/2024 Book Circulation